| 000 | 00505nam a2200193Ia 4500 | ||
|---|---|---|---|
| 005 | 20260429112223.0 | ||
| 008 | 260429s9999||||xx |||||||||||||| ||und|| | ||
| 020 | _a9789394014640 | ||
| 041 | _aEnglish | ||
| 082 |
_a546 _bKAP |
||
| 100 | _aKapoor, Abhishek | ||
| 245 | 0 |
_aInorganic chemistry / _cAbhishek Kapoor |
|
| 250 | _a1st ed. | ||
| 260 |
_aNew Delhi : _bDigital Publishing House, _c2024. |
||
| 300 | _aix, 223 p.; hb | ||
| 650 | _a Inorganic chemistry | ||
| 650 | _aChemistry | ||
| 942 | _cTB | ||
| 999 |
_c52958 _d52958 |
||